000 00457nam a22001817a 4500
003 MACL
005 20241024163626.0
008 241024b |||||||| |||| 00| 0 eng d
040 _cMACL
082 _a294
100 _aNARADA
_979348
245 _aTHE BUDDHA AND HIS TEACHINGS
260 _aMUMBAI
_bJAICO PUBLISHING HOUSE
_c2024
440 _aTHE BUDDHA AND HIS TEACHINGS
_982965
600 _aNARADA
_979348
650 _aRELIGION
942 _2ddc
_cBK
999 _c67716
_d67716